| 000 | 00714nam a2200253 i 4500 | ||
|---|---|---|---|
| 001 | bgj | ||
| 100 | 1 | _aEMRICH, Wilhelm. | |
| 245 | 1 | 0 |
_aDie Symbolik von Faust II : _bSin und Vorformen / _cWilhelm Emrich. |
| 250 | _aWyd. 5. | ||
| 260 |
_aKönigstein : _bAthenäum Verlag, _c1981. |
||
| 300 |
_a481, [1] s. ; _c19 cm. |
||
| 490 | 1 |
_aAthenäum Taschenbücher _pLiteraturwissenschaft _v2173 |
|
| 504 | _aIndeks. | ||
| 650 | 9 | _aLiteratura niemiecka | |
| 830 |
_aAthenäum Taschenbücher _pLiteraturwissenschaft |
||
| 020 | _a3761021739 | ||
| 040 | _cBPK | ||
| 041 | 0 | _ager | |
| 044 | _aDEU | ||
| 080 | _a821.112.2 | ||
| 920 | _a3-7610-2173-9 | ||
| 942 | _cKS | ||
| 008 | s gw f |000 0 ger | ||
| 999 |
_c50299 _d50299 |
||
| 856 |
_uhttp://koha.tu.koszalin.pl/cgi-bin/koha/opac-detail.pl?biblionumber=50299 _yKatalog online BPK |
||